Online
Catalog

Principios de la ortología de la lengua castellana / (Record no. 31938)

MARC details
000 -CABECERA
campo de control de longitud fija 00628nam a2200181 a 4500
001 - NÚMERO DE CONTROL
campo de control 000032447
005 - FECHA Y HORA DE LA ÚLTIMA TRANSACCIÓN
campo de control 20240307180747.0
008 - DATOS DE LONGITUD FIJA--INFORMACIÓN GENERAL
campo de control de longitud fija 110718d1937 dr 000 0 spa d
040 ## - FUENTE DE LA CATALOGACIÓN
Centro catalogador/agencia de origen DO-SdBNP
Lengua de catalogación spa
Centro/agencia transcriptor BNPHU
082 ## - NÚMERO DE LA CLASIFICACIÓN DECIMAL DEWEY
Número de clasificación xxx
Número de documento/Ítem M141, 1937
049 ## - FONDOS LOCALES (OCLC)
Fondos de biblioteca BNPD
100 1# - ENTRADA PRINCIPAL--NOMBRE DE PERSONA
Nombre de persona Patín Maceo, Manuel A.,
Forma completa/desarrollada del nombre (Manuel Antonio)
Fechas asociadas al nombre 1892-1968
9 (RLIN) 36996
245 10 - MENCIÓN DE TÍTULO
Título Principios de la ortología de la lengua castellana /
Mención de responsabilidad, etc. Patín Maceo ; prólogo Alcides García.
250 ## - MENCIÓN DE EDICIÓN
Mención de edición 3a ed.
260 ## - PUBLICACIÓN, DISTRIBUCIÓN, ETC.
Lugar de publicación, distribución, etc. Ciudad Trujillo, República Dominicana :
Nombre del editor, distribuidor, etc. Imprenta Montalvo,
Fecha de publicación, distribución, etc. 1937.
300 ## - DESCRIPCIÓN FÍSICA
Extensión 30 p. ;
Dimensiones 19 cm.
700 1# - PUNTO DE ACCESO ADICIONAL--NOMBRE DE PERSONA
Nombre de persona García, Alcides,
Término indicativo de función/relación pról.
9 (RLIN) 54689
Holdings
Estado de retiro Estado de pérdida Restricciones de uso No para préstamo Código de colección Localización permanente Ubicación/localización actual Ubicación en estantería Fecha de adquisición Número de inventario Total de préstamos Signatura topográfica completa Código de barras Fecha visto por última vez Precio válido a partir de Tipo de ítem Koha Nota pública
      Excluido de préstamo Raros y valiosos Patrimonio Dominicano Patrimonio Dominicano En catalogación 18.07.2011 LF1   xxx M141, 1937 32447-10 25.06.2020 25.06.2020 No se presta Perteneció a la biblioteca personal de Carlos Larrazabal Blanco

Powered by Koha